Influence of temperature and glass composition on aluminum nitride contact angle; IOP Conference Series: Materials Science and Engineering; Vol. 156 : Materials and Technologies of New Generations in Modern Materials Science
| Parent link: | IOP Conference Series: Materials Science and Engineering Vol. 156 : Materials and Technologies of New Generations in Modern Materials Science.— 2016.— [012041, 6 p.] |
|---|---|
| Autore principale: | |
| Ente Autore: | |
| Altri autori: | |
| Riassunto: | Title screen Results of research of different glass compositions for possibility of their application in metallization pastes intended for ceramics based on aluminum nitride are presented in this article. It includes research of contact angle of aluminum nitride with glasses of different compositions at different temperatures and different roughness of ceramics. |
| Lingua: | inglese |
| Pubblicazione: |
2016
|
| Soggetti: | |
| Accesso online: | http://dx.doi.org/10.1088/1757-899X/156/1/012041 http://earchive.tpu.ru/handle/11683/36548 |
| Natura: | MixedMaterials Elettronico Capitolo di libro |
| KOHA link: | https://koha.lib.tpu.ru/cgi-bin/koha/opac-detail.pl?biblionumber=651477 |
MARC
| LEADER | 00000nla2a2200000 4500 | ||
|---|---|---|---|
| 001 | 651477 | ||
| 005 | 20240115124941.0 | ||
| 035 | |a (RuTPU)RU\TPU\network\16726 | ||
| 035 | |a RU\TPU\network\16724 | ||
| 090 | |a 651477 | ||
| 100 | |a 20161114a2016 k y0engy50 ba | ||
| 101 | 0 | |a eng | |
| 105 | |a y z 100zy | ||
| 135 | |a drcn ---uucaa | ||
| 181 | 0 | |a i | |
| 182 | 0 | |a b | |
| 200 | 1 | |a Influence of temperature and glass composition on aluminum nitride contact angle |f R. Tarnovskiy, A. A. Ditts | |
| 203 | |a Text |c electronic | ||
| 300 | |a Title screen | ||
| 320 | |a [References: 5 tit.] | ||
| 330 | |a Results of research of different glass compositions for possibility of their application in metallization pastes intended for ceramics based on aluminum nitride are presented in this article. It includes research of contact angle of aluminum nitride with glasses of different compositions at different temperatures and different roughness of ceramics. | ||
| 461 | 0 | |0 (RuTPU)RU\TPU\network\2008 |t IOP Conference Series: Materials Science and Engineering | |
| 463 | 0 | |0 (RuTPU)RU\TPU\network\16647 |t Vol. 156 : Materials and Technologies of New Generations in Modern Materials Science |o International Conference and Youth Scientific School, 9–11 June 2016, Tomsk, Russia |o [proceedings] |f National Research Tomsk Polytechnic University (TPU) |v [012041, 6 p.] |d 2016 | |
| 610 | 1 | |a электронный ресурс | |
| 610 | 1 | |a труды учёных ТПУ | |
| 610 | 1 | |a температура | |
| 610 | 1 | |a составы | |
| 610 | 1 | |a стекла | |
| 610 | 1 | |a керамика | |
| 610 | 1 | |a нитрид алюминия | |
| 610 | 1 | |a шероховатости | |
| 700 | 1 | |a Tarnovskiy |b R. | |
| 701 | 1 | |a Ditts |b A. A. |c Chemical Engineer |c Associate Professor of Tomsk Polytechnic University, Candidate of technical science |f 1981- |g Aleksander Andreevich |3 (RuTPU)RU\TPU\pers\31270 |9 15448 | |
| 712 | 0 | 2 | |a Национальный исследовательский Томский политехнический университет (ТПУ) |b Институт физики высоких технологий (ИФВТ) |b Кафедра технологии силикатов и наноматериалов (ТСН) |3 (RuTPU)RU\TPU\col\18694 |
| 801 | 2 | |a RU |b 63413507 |c 20170330 |g RCR | |
| 856 | 4 | |u http://dx.doi.org/10.1088/1757-899X/156/1/012041 | |
| 856 | 4 | |u http://earchive.tpu.ru/handle/11683/36548 | |
| 942 | |c CF | ||